000 00616nam a2200265Ia 4500
005 20260121170531.0
008 008 260114s9999 xx 000 0 eng d
020 _a9789811302398
037 _aEBOOK
040 _aCRL
040 _beng
040 _cCRL
041 _2eng
041 _aeng
084 _qCRL
100 _aZehou Li
_91065062
245 2 _aA New Approach to Kant
260 _bSpringer
260 _bSpringer
260 _c2018
856 _uhttps://link.springer.com/openurl?genre=book&isbn=978-981-13-0239-8
942 _cEBOOK
999 _c1630792
_d1630792